Score 0/24 Timer 15:00
0 Plays Today
% Correct
A Rock Hoof and a Hard Place
93.8%
Yakkity-Sax
93.8%
Molt Down
93.1%
Sounds of Silence
93.1%
Friendship University
92.3%
Surf and or Turf
91.5%
The Break-up Breakdown
91.5%
The Maud Couple
91.5%
The Mean Six
91.5%
The Washouts
90.8%
Father Knows Beast
90.8%
Grannies Gone Wild
90.8%
% Correct
The Parent Map
90.8%
The Hearth's Warming Club
90%
The Road to Friendship
89.2%
What Lies Beneath
89.2%
Fake it till you Make it
89.2%
Horse Play
88.5%
The End in Friend
88.5%
A Matter of Principals
86.9%
School Raze
86.9%
Marks for Effort
83.1%
School Daze
81.5%
Non-Compete Clause
79.2%
Remove Ads.
Support Sporcle.
Get the best of Sporcle when you Go Orange. This ad-free experience offers more features, more stats, and more fun while also helping to support Sporcle. Thank you for becoming a member.

You're not logged in!

Compare scores with friends on all Sporcle quizzes.
OR
Log In

Show Comments

Extras

Top Quizzes Today


Score Distribution

Your Account Isn't Verified!

In order to create a playlist on Sporcle, you need to verify the email address you used during registration. Go to your Sporcle Settings to finish the process.

Report this User

Report this user for behavior that violates our Community Guidelines.

Details: